Česká vláda dúfa v naštartovanie ekonomiky za pomoci zahraničných investícií

Analýza stavu českej ekonomiky realizovaná pražskou firmou Patria Finance. Pomalá reštrukturalizácia českého priemyslu. Nedostatočná podpora exportu a investícií. Štruktúra zamestnanosti. Vývoj miezd a produktivity práce. Pohľad odborníka z Medzinárodného menového fondu na vývoj českej ekonomiky. Ve...

Descrizione completa

Salvato in:
Dettagli Bibliografici
Autore principale: Csontosová, Marta
Natura: Capitolo di libro
Lingua:slovacco
Soggetti:
Tags: Aggiungi Tag
Nessun Tag, puoi essere il primo ad aggiungerne!!

MARC

LEADER 00000naa a2200000 4500
001 r032535
005 20230921084059.9
041 0 |a slo 
044 |a SK 
245 1 0 |a Česká vláda dúfa v naštartovanie ekonomiky za pomoci zahraničných investícií  |c Marta Csontosová 
520 |a Analýza stavu českej ekonomiky realizovaná pražskou firmou Patria Finance. Pomalá reštrukturalizácia českého priemyslu. Nedostatočná podpora exportu a investícií. Štruktúra zamestnanosti. Vývoj miezd a produktivity práce. Pohľad odborníka z Medzinárodného menového fondu na vývoj českej ekonomiky. Veľké a malé podnikanie. Finančné prostriedky na pomoc vývoju českého hospodárstva. 
610 2 0 |a vývoj hospodársky 
610 2 0 |a priemysel 
610 2 0 |a reštrukturalizácia 
610 2 0 |a mzdy 
610 2 0 |a produktivita práce 
610 2 0 |a integrácia ekonomická medzinárodná 
610 2 0 |a podnikanie 
610 2 0 |a podnikanie malé 
610 2 0 |a financovanie 
610 2 0 |a podpora vývozu 
610 2 0 |a Česko 
100 1 |a Csontosová, Marta